000
00306nam a2200121Ia 4500
008
190723s9999 xx 000 0 und d
020
_a
978-969-407-458-0
100
_a
A.S Nasir
245
0
_a
Development Challenges and Disparity
260
_a
Jamshoro
_b
Royal Book
_c
2017
300
_a
385.:p
942
_c
BK
999
_c
1668
_d
1668